Directors - Statistics

General Stats
  • This quiz has been taken 53 times
  • The average score is 10 of 16
Answer Stats
Picture Answer % Correct
Quentin Tarantino
98%
Alfred Hitchcock
96%
Martin Scorsese
91%
Steven Spielberg
91%
Christopher Nolan
89%
James Cameron
85%
Stanley Kubrick
85%
Tim Burton
77%
Francis Ford Coppola
66%
Peter Jackson
62%
Ridley Scott
51%
M. Night Shyamalan
47%
David Fincher
30%
Bryan Singer
23%
John Carpenter
15%
Allan Arkush
4%
No matching quizzes found
Score Distribution
Percent of People with Each Score
Percentile by Number Answered
Your Score History
You have not taken this quiz